000
00308nam a2200133Ia 4500
005
20260328101456.0
008
260328s9999||||xx |||||||||||||| ||und||
100
_a
Nussaume, Yann
245
0
_a
Tadao Ando /
_c
Yann Nussaume
260
_b
Birkhäuser
300
_a
191 p.
650
_a
ARQUITECTOS
942
_c
BK
999
_c
8836
_d
8836